[Event "AUTO-INT-2358"]
[Site "http://www.queenalice.com/game.php?id=1100906"]
[Date "2012.9.8"]
[Round "2"]
[White "rafaelbdb"]
[Black "Benesilva"]
[Result "0-1"]
[WhiteElo "1595"]
[BlackElo "1750"]

1. c4 e5 2. e4 Nf6 3. Nc3 Bb4 4. Nf3 d6 5. a3 Bxc3 6. dxc3 Nxe4 7. Bd3 Nf6 8.
Bg5 Bg4 9. O-O h6 10. Bxf6 Qxf6 11. Be4 c6 12. Qd3 Nd7 13. b4 O-O 14. h3 Bh5 15.
g4 Bg6 16. Kg2 Qf4 17. Bxg6 fxg6 18. Nh4 e4 19. Qe3 Ne5 20. Nf5 Qf3+ 21. Kh2
gxf5 0-1

[Event "Lintz x Silva"]
[Site "http://www.queenalice.com/game.php?id=1112728"]
[Date "2012.10.15"]
[Round "-"]
[White "Lintz"]
[Black "Benesilva"]
[Result "1-0"]
[WhiteElo "1799"]
[BlackElo "1859"]

1. e4 e5 2. Nf3 Nc6 3. Bb5 Nd4 4. Nxd4 exd4 5. b3 a6 6. Be2 d6 7. Bb2 c5 8. O-O
Nf6 9. Re1 Be7 10. Bf3 O-O 11. d3 h6 12. c3 dxc3 13. Nxc3 Nh7 14. Nd5 Be6 15.
Nxe7+ Qxe7 16. Bg4 Rad8 17. Bxe6 fxe6 18. f3 Qh4 19. g3 Qh5 20. f4 Qg6 21. Kh1
Qf7 22. Qe2 b5 23. d4 Rfe8 24. Qg2 Qb7 25. dxc5 dxc5 26. Rad1 Nf8 27. e5 Qxg2+
28. Kxg2 Rd7 29. Rxd7 Nxd7 30. Rd1 Re7 31. Rd6 Nf8 32. Rxa6 Rd7 33. Rd6 Rxd6 34.
exd6 Kf7 35. Kf3 Kg6 36. Ke4 Nd7 37. g4 Kf7 38. h4 g6 39. f5 Nf6+ 40. Bxf6 Kxf6
41. fxg6 1-0

[Event "Challenge"]
[Site "http://www.queenalice.com/game.php?id=1112729"]
[Date "2012.10.15"]
[Round "-"]
[White "Benesilva"]
[Black "Lintz"]
[Result "1-0"]
[WhiteElo "1811"]
[BlackElo "1851"]

1. e4 e5 2. Nf3 Nf6 3. d3 d6 4. Be2 Nc6 5. Nc3 g6 6. O-O Bg7 7. h3 O-O 8. Nh2 d5
9. Bg5 Be6 10. Bg4 Bxg4 11. Nxg4 Qd6 12. Bxf6 Bxf6 13. Nxd5 Bg7 14. f4 exf4 15.
Rxf4 Ne7 16. Ndf6+ Bxf6 17. Rxf6 Qd4+ 18. Rf2 Qxb2 19. Rb1 Qxa2 20. Rxb7 Qa5 21.
Qc1 Qc5 22. Qb2 a5 23. Nh6# 1-0

[Event "MAIS UMA CHANCE (B) 151012"]
[Site "http://www.queenalice.com/game.php?id=1113018"]
[Date "2012.10.16"]
[Round "-"]
[White "RuCam"]
[Black "Benesilva"]
[Result "0-1"]
[WhiteElo "1956"]
[BlackElo "1838"]

1. e4 e5 2. f4 d6 3. Nf3 Nc6 4. f5 g6 5. fxg6 hxg6 6. a3 Bg4 7. Bc4 Nd4 8. d3
Qf6 9. O-O Nxf3+ 10. gxf3 Qh4 11. Rf2 Be6 12. Bxe6 fxe6 13. f4 exf4 14. Bxf4
O-O-O 15. Qf3 Bg7 16. c3 Ne7 17. Bg3 Qh6 18. Nd2 e5 19. a4 Rdf8 20. Qg2 Qe3 21.
Nc4 Qxd3 22. Nd2 Qc2 23. Nf3 Qxe4 24. b4 Qc6 25. Ra3 Bh6 26. b5 Qc5 27. Rb3 Be3
28. Nxe5 Bxf2+ 29. Bxf2 Qxe5 30. Bg3 Qd5 31. Qc2 Nf5 32. Bf2 Rxh2 33. Kf1 Ne3+
34. Ke1 Nxc2+ 35. Ke2 Rfxf2# 0-1

[Event "MAIS UMA CHANCE (P) 151012"]
[Site "http://www.queenalice.com/game.php?id=1113019"]
[Date "2012.10.16"]
[Round "-"]
[White "Benesilva"]
[Black "RuCam"]
[Result "1-0"]
[WhiteElo "1841"]
[BlackElo "1972"]

1. e4 e5 2. Nf3 Nc6 3. Bb5 Nf6 4. d3 a6 5. Bxc6 dxc6 6. Nxe5 Bd7 7. Bg5 Be7 8.
c3 h6 9. Bxf6 Bxf6 10. Qh5 O-O 11. Nxd7 Qxd7 12. Qf3 Rad8 13. d4 c5 14. d5 Rfe8
15. O-O Re5 16. Nd2 c6 17. Nc4 Rg5 18. dxc6 Qxc6 19. Qe2 b6 20. f4 Rg6 21. Nd2
Be7 22. Nf3 Rf6 23. Ne5 Qe6 24. Ng4 Bd6 25. Nxf6+ Qxf6 26. Rad1 Be7 27. e5 Qf5
28. Rxd8+ Bxd8 29. g4 Qg6 30. f5 Qg5 31. e6 b5 32. exf7+ Kxf7 33. Qe6+ Kf8 34.
Qe4 Bc7 35. Qf3 Qh4 36. Rf2 Bb6 37. Kg2 h5 38. f6 hxg4 39. fxg7+ Ke7 40. Qf7+
Kd8 41. g8=R# 1-0

[Event "Challenge"]
[Site "http://www.queenalice.com/game.php?id=1133864"]
[Date "2012.12.23"]
[Round "-"]
[White "Lintz"]
[Black "Benesilva"]
[Result "0-1"]
[WhiteElo "1806"]
[BlackElo "1876"]

1. e4 e5 2. Nf3 Nc6 3. Bb5 Nd4 4. Nxd4 exd4 5. c3 Qg5 6. Bf1 Qe5 7. d3 Nf6 8. f4
Qc5 9. b4 Qc6 10. Bb2 dxc3 11. Nxc3 Bxb4 12. Qc2 O-O 13. Be2 d6 14. O-O Ng4 15.
Bxg4 Bxg4 16. Rac1 Bd7 17. Kh1 Bxc3 18. Bxc3 Qa4 19. Qf2 c5 20. Qg3 f6 21. Ra1
Rae8 22. f5 Qc6 23. Rf4 b5 24. a3 d5 25. Rg4 Re7 26. exd5 Qxd5 27. Bxf6 Rxf6 28.
Rf1 Rxf5 29. Rxg7+ Rxg7 30. Qb8+ Kf7 0-1

[Event "Challenge"]
[Site "http://www.queenalice.com/game.php?id=1133865"]
[Date "2012.12.23"]
[Round "-"]
[White "Benesilva"]
[Black "Lintz"]
[Result "1-0"]
[WhiteElo "1862"]
[BlackElo "1820"]

1. e4 e5 2. Nf3 Nc6 3. Bc4 Be7 4. Nc3 Nf6 5. d3 d6 6. h3 a6 7. Ng5 O-O 8. O-O b5
9. Nxf7 Rxf7 10. Bxf7+ Kxf7 11. f4 Kg8 12. Nd5 Nxd5 13. fxe5 Nb6 14. exd6 cxd6
15. c3 Bb7 16. Be3 Nd7 17. Qf3 Qf8 18. Qg4 Qe8 19. Qe6+ Kh8 20. Rf2 Nf6 21. Raf1
Nd8 22. Qb3 Qg6 23. Bd4 Nc6 24. Bxf6 Bxf6 25. Qe6 Be7 26. Qd7 Rb8 27. Qxb7 Qxg2+
28. Kxg2 Rxb7 29. Rf8+ Bxf8 30. Rxf8# 1-0

[Event "Challenge"]
[Site "http://www.queenalice.com/game.php?id=1168857"]
[Date "2013.4.6"]
[Round "-"]
[White "Lintz"]
[Black "Benesilva"]
[Result "0-1"]
[WhiteElo "1811"]
[BlackElo "1902"]

1. e4 e5 2. Nf3 d6 3. Bc4 Be7 4. c3 Be6 5. Bxe6 fxe6 6. d4 Nf6 7. dxe5 dxe5 8.
Qxd8+ Bxd8 9. Nxe5 Nxe4 10. Be3 O-O 11. O-O Bf6 12. Nf3 Nc6 13. Nbd2 Nxd2 14.
Nxd2 Rad8 15. Ne4 b6 16. Rad1 Ne5 17. Nxf6+ gxf6 18. h3 Nc4 19. Bc1 Kf7 20. f3
h5 21. b3 Nd6 22. Ba3 Rg8 23. c4 Nf5 24. Bc1 Nh4 25. Rxd8 Rxd8 26. g3 Rg8 27. g4
hxg4 28. fxg4 Nf5 29. Kh2 Nd4 30. Bb2 c5 31. b4 e5 32. Kg3 Ke6 33. bxc5 bxc5 34.
h4 Nc2 35. Rf2 Ne3 36. g5 fxg5 37. hxg5 Rxg5+ 38. Kh4 Rg4+ 0-1

[Event "Challenge"]
[Site "http://www.queenalice.com/game.php?id=1168858"]
[Date "2013.4.6"]
[Round "-"]
[White "Benesilva"]
[Black "Lintz"]
[Result "1-0"]
[WhiteElo "1889"]
[BlackElo "1814"]

1. e4 e5 2. Nf3 Nc6 3. Bc4 d6 4. Nc3 Nf6 5. d3 a6 6. Ng5 Be6 7. Bxe6 fxe6 8.
Nxe6 Qd7 9. Nxf8 Rxf8 10. O-O Nd4 11. f4 exf4 12. Bxf4 O-O-O 13. Bg5 Ne6 14.
Bxf6 gxf6 15. Nd5 Qg7 16. Qf3 Kb8 17. Qh3 Ng5 18. Qg4 c6 19. Nf4 Qe7 20. Rf2
Rde8 21. Raf1 Rf7 22. Qf5 Qf8 23. h4 Re5 24. Qg4 h5 25. Nxh5 Nh7 26. Rf5 Qc8 27.
R1f4 d5 28. Rxe5 Qxg4 29. Re8+ Qc8 30. Rxc8+ Kxc8 31. e5 Kd7 32. Kf2 f5 33. g4
1-0

[Event "VOU TENTAR DE NOVO (BC)"]
[Site "http://www.queenalice.com/game.php?id=1174414"]
[Date "2013.4.23"]
[Round "-"]
[White "RuCam"]
[Black "Benesilva"]
[Result "0-1"]
[WhiteElo "1776"]
[BlackElo "1976"]

1. e4 e5 2. Nf3 d6 3. h3 Nf6 4. Nc3 Nc6 5. Bc4 Be6 6. Nd5 Nxe4 7. d3 Nf6 8.
Nxf6+ Qxf6 9. Bg5 Qg6 10. Bb5 Bd7 11. a3 a6 12. Bc4 Be7 13. Qd2 h6 14. Bxe7 Nxe7
15. g4 d5 16. Ba2 Qf6 17. O-O-O Qxf3 18. c4 d4 19. Qe1 Ng6 20. Rd2 Bc6 21. Rh2
Nf4 22. Qxe5+ Ne6 23. c5 Qf6 24. Qxf6 gxf6 25. b4 O-O-O 26. Rd1 Bd5 27. Bb1 Nf4
28. Kd2 Rhe8 29. f3 Re3 30. Re1 Rde8 31. Rhh1 Re2+ 32. Kd1 Bxf3 33. Rxe2 Bxe2+
34. Kd2 Re3 35. Re1 Bxd3 36. Bxd3 Rxd3+ 37. Kc2 Re3 38. Rf1 Nd5 39. Kd2 Rxh3 40.
Re1 Kd7 41. Re4 Rxa3 42. Rxd4 Kc6 43. Kc2 Ra4 44. Kb3 Rxb4+ 45. Rxb4 Nxb4 46.
Kxb4 f5 47. gxf5 h5 48. Kc4 h4 49. Kd4 h3 50. Ke5 h2 51. Kf6 Kxc5 52. Kxf7 Kd6
53. f6 h1=Q 54. Kg7 Qf1 55. f7 Ke7 56. f8=N b5 57. Ng6+ Kd6 58. Nf8 c5 59. Ng6
a5 60. Nf8 a4 61. Ng6 Kd5 62. Ne7+ Kc4 63. Nc8 Kb3 64. Kg6 b4 65. Nb6 a3 66. Nd5
a2 67. Nf6 a1=R 68. Ne4 Qd3 69. Kf5 Rf1+ 70. Ke5 Re1 71. Kf4 Qxe4+ 72. Kg5 Rf1
73. Kh6 Qg2 74. Kh5 Rh1# 0-1

[Event "VOU TENTAR DE NOVO (PT)"]
[Site "http://www.queenalice.com/game.php?id=1174415"]
[Date "2013.4.23"]
[Round "-"]
[White "Benesilva"]
[Black "RuCam"]
[Result "1-0"]
[WhiteElo "1944"]
[BlackElo "1799"]

1. d4 Nf6 2. e3 e5 3. dxe5 Ne4 4. Bd3 d5 5. Bxe4 dxe4 6. Qxd8+ Kxd8 7. Nc3 Bb4
8. Ne2 Bg4 9. Bd2 Bxc3 10. Bxc3 Nc6 11. Ng3 Re8 12. h3 Bd7 13. Nxe4 Nxe5 14. Nc5
f6 15. Nxb7+ Kc8 16. Nc5 Bc6 17. O-O g5 18. Bxe5 Rxe5 19. b4 a5 20. Nd3 Rd5 21.
Rfd1 Rb5 22. c4 Rf5 23. b5 Be4 24. g4 Rf3 25. Nc5 f5 26. Nxe4 fxe4 27. Kg2 Kb7
28. Rd7 Raf8 29. Rf1 h6 30. Re7 R3f7 31. Rxe4 Kb6 32. f4 Kc5 33. a3 Rd7 34. f5
Rd2+ 35. Rf2 Rd3 36. Ra2 Rfd8 37. f6 Rf8 38. Rf2 Rd7 39. Rf5+ Kb6 40. Re6+ Kb7
41. Ra6 Rd3 42. f7 Rxe3 43. Rg6 Re7 44. Rxh6 Rfxf7 45. Rxf7 Rxf7 46. Rg6 Rf4 47.
c5 Ra4 48. Rxg5 Rxa3 49. h4 Rb3 50. h5 Rxb5 51. h6 Kc6 52. h7 Rb8 53. Rg8 Rb2+
54. Kf3 Rb3+ 55. Kf4 a4 56. h8=Q Kxc5 57. Qe5+ Kb4 58. Qxc7 a3 59. Rb8+ Ka4 60.
Qa7# 1-0

[Event "Challenge"]
[Site "http://www.queenalice.com/game.php?id=1194662"]
[Date "2013.6.27"]
[Round "-"]
[White "fougalios"]
[Black "Benesilva"]
[Result "0-1"]
[WhiteElo "1832"]
[BlackElo "1914"]

1. d4 d5 2. Nf3 e6 3. Bf4 Bb4+ 4. c3 Bd6 5. Bg3 Nf6 6. e3 Nc6 7. Nbd2 O-O 8. Bh4
Be7 9. Be2 h6 10. O-O Ne4 11. Bxe7 Qxe7 12. Nxe4 dxe4 13. Nd2 f5 14. a4 a6 15.
a5 Na7 16. Nc4 Bd7 17. Ne5 Nc6 18. Nxc6 Bxc6 19. Qb3 Rfd8 20. Bc4 Kf7 21. Rad1
Rab8 22. Rd2 b5 23. axb6 Rxb6 24. Qa2 Bb7 25. Rfd1 Bd5 26. Bxd5 exd5 27. c4 dxc4
28. Qxc4+ Kf6 29. d5 Rbd6 30. Qc3+ Kf7 31. Rc1 R8d7 32. Qc4 Qf6 33. b4 Qe5 34.
Rcd1 Ke7 35. g3 g5 36. Qc5 h5 37. Ra1 Qxa1+ 0-1

[Event "Challenge"]
[Site "http://www.queenalice.com/game.php?id=1201089"]
[Date "2013.7.19"]
[Round "-"]
[White "Lintz"]
[Black "Benesilva"]
[Result "1-0"]
[WhiteElo "1874"]
[BlackElo "1938"]

1. e4 e5 2. Nf3 d6 3. c3 a6 4. d4 exd4 5. cxd4 c6 6. Bc4 b5 7. Bb3 Nf6 8. Ng5 d5
9. exd5 Nxd5 10. O-O Be7 11. Ne4 Be6 12. Nbc3 Nxc3 13. bxc3 O-O 14. Bxe6 fxe6
15. a3 Qd5 16. f3 Bf6 17. Nxf6+ Rxf6 18. Be3 Nd7 19. Qe2 Raf8 20. Bf2 Rg6 21.
Bg3 Nf6 22. Qe5 h6 23. Rfe1 Nh5 24. Qxd5 exd5 25. Kf2 Nxg3 26. hxg3 Kf7 27. Re3
Re8 28. Rae1 Rge6 29. f4 Rxe3 30. Rxe3 Rxe3 31. Kxe3 Kf6 32. g4 g6 33. g3 a5 34.
Kf3 b4 35. cxb4 axb4 36. axb4 Ke6 37. Kg2 h5 38. gxh5 gxh5 39. Kh3 Kf5 40. Kh4
Ke4 41. g4 hxg4 42. Kxg4 Kxd4 43. f5 Kc3 44. f6 d4 45. f7 Kxb4 46. f8=Q+ Kc4 47.
Kf3 1-0

[Event "Challenge"]
[Site "http://www.queenalice.com/game.php?id=1201090"]
[Date "2013.7.19"]
[Round "-"]
[White "Benesilva"]
[Black "Lintz"]
[Result "1-0"]
[WhiteElo "1927"]
[BlackElo "1811"]

1. e4 e5 2. Nf3 Nf6 3. d3 Nc6 4. Nc3 Bb4 5. Bd2 b6 6. a3 Bb7 7. axb4 Nxb4 8.
Nxe5 O-O 9. Be2 Nc6 10. Nxc6 Bxc6 11. O-O h6 12. f4 d6 13. Bf3 Qe8 14. Re1 Qd8
15. Nd5 Nh7 16. c4 a6 17. Bc3 Bb7 18. f5 f6 19. Bh5 b5 20. Nf4 bxc4 21. Ne6 1-0

[Event "Challenge"]
[Site "http://www.queenalice.com/game.php?id=1203712"]
[Date "2013.7.30"]
[Round "-"]
[White "Benesilva"]
[Black "MaiconMD"]
[Result "1-0"]
[WhiteElo "1921"]
[BlackElo "1072"]

1. d4 d5 2. Nf3 Nf6 3. e3 e6 4. c4 Be7 5. c5 O-O 6. Bd3 b6 7. cxb6 axb6 8. O-O
c5 9. dxc5 bxc5 10. a4 Ba6 11. h3 1-0

[Event "Challenge"]
[Site "http://www.queenalice.com/game.php?id=1203713"]
[Date "2013.7.30"]
[Round "-"]
[White "Benesilva"]
[Black "MaiconMD"]
[Result "1-0"]
[WhiteElo "1919"]
[BlackElo "1100"]

1. e4 c5 2. Nf3 Nc6 3. Bc4 e6 4. Nc3 Nf6 5. d3 d5 6. exd5 exd5 7. Bb5 Be7 8. Ne5
Qc7 9. Bxc6+ bxc6 10. Nf3 d4 11. Ne2 1-0

[Event "Challenge"]
[Site "http://www.queenalice.com/game.php?id=1214037"]
[Date "2013.9.3"]
[Round "-"]
[White "Lintz"]
[Black "Benesilva"]
[Result "0-1"]
[WhiteElo "1787"]
[BlackElo "1934"]

1. e4 e5 2. Nf3 d6 3. Bc4 Be7 4. b3 Nf6 5. d3 Nc6 6. Bb2 O-O 7. a3 Na5 8. Nbd2
a6 9. b4 Nxc4 10. dxc4 Be6 11. O-O Bg4 12. h3 Bh5 13. Re1 Nd7 14. Qe2 Bg5 15.
Bc1 Nb6 16. Qd3 Bxd2 17. Bxd2 Bxf3 18. gxf3 Qd7 19. Be3 Qxh3 20. f4 Qg4+ 21. Kf1
exf4 22. Bxb6 f3 23. Red1 Rae8 24. Ke1 Rxe4+ 25. Be3 Rxc4 26. Kd2 Re8 27. Re1
Rce4 28. Rg1 Qe6 29. Qc3 Qd5+ 30. Kc1 Qe5 31. Qxe5 R8xe5 32. Kb2 d5 33. Rad1 g6
34. Rg3 Rf5 35. c3 f6 36. Rh1 g5 37. Rgh3 Re7 38. Rg3 Re4 39. Rgh3 Re7 40. Rh6
g4 41. Rg1 Rg7 42. Bd4 Rg6 43. Rh4 h5 44. Rg3 Kf7 45. Kc2 Ke6 46. Kd3 Rg8 47.
Rh1 b6 48. a4 Kd6 49. Rgg1 c5 50. bxc5+ bxc5 51. Be3 Kc6 52. Rb1 g3 53. fxg3 f2
54. Ke2 Rxg3 55. Bxf2 Rxc3 56. Rbc1 Rxc1 57. Rxc1 c4 58. Ke3 Kc5 59. Ke2+ d4 60.
Rf1 Re5+ 61. Kd2 f5 62. Bg3 Rd5 63. Rh1 Kb4 64. a5 Rxa5 65. Rb1+ Kc5 66. Re1
Ra2+ 0-1

[Event "Challenge"]
[Site "http://www.queenalice.com/game.php?id=1214038"]
[Date "2013.9.3"]
[Round "-"]
[White "Benesilva"]
[Black "Lintz"]
[Result "1-0"]
[WhiteElo "1923"]
[BlackElo "1799"]

1. e4 e5 2. Nf3 Nc6 3. Bc4 Be7 4. Nc3 d6 5. h3 Nf6 6. d3 a6 7. Ng5 O-O 8. O-O h6
9. Nf3 Na5 10. Nh2 Nxc4 11. dxc4 c6 12. f4 Nh7 13. f5 Bg5 14. Qf3 Bxc1 15. Raxc1
b5 16. cxb5 cxb5 17. Rcd1 Nf6 18. Ng4 Nxg4 19. Qxg4 g5 20. Rf3 f6 21. Rfd3 Qb6+
22. Kh1 Qc5 23. Rxd6 Bb7 24. Qh5 Kg7 25. Rd7+ 1-0

[Event "Challenge"]
[Site "http://www.queenalice.com/game.php?id=1233199"]
[Date "2013.11.18"]
[Round "-"]
[White "Lintz"]
[Black "Benesilva"]
[Result "0-1"]
[WhiteElo "1841"]
[BlackElo "1954"]

1. c4 e6 2. d4 Nf6 3. Nf3 c6 4. Nc3 Bb4 5. Bd2 O-O 6. e3 Bxc3 7. Bxc3 Ne4 8. Qc2
f5 9. O-O-O a5 10. a4 Na6 11. Bd3 Nxc3 12. Qxc3 Nb4 13. Bb1 d6 14. g3 Bd7 15.
Rhg1 b5 16. cxb5 cxb5 17. Kd2 bxa4 18. Ke2 Bb5+ 19. Bd3 Rc8 20. Qa3 Nxd3 21.
Rxd3 Bxd3+ 0-1

[Event "Challenge"]
[Site "http://www.queenalice.com/game.php?id=1233200"]
[Date "2013.11.18"]
[Round "-"]
[White "Benesilva"]
[Black "Lintz"]
[Result "1-0"]
[WhiteElo "1965"]
[BlackElo "1833"]

1. e4 d6 2. Nf3 e5 3. Nc3 Nc6 4. Bc4 Be7 5. h3 h5 6. Nh2 Nf6 7. d3 a6 8. a3 b5
9. Ba2 Bd7 10. Nf3 Nh7 11. Be3 g6 12. Bd5 Nf6 13. Bb3 Nh7 14. Qd2 f6 15. d4 exd4
16. Nxd4 Nxd4 17. Bxd4 c5 18. Be3 c4 19. Ba2 g5 20. Nd5 Rb8 21. O-O-O Bf8 22.
Kb1 Bg7 23. Qe2 Nf8 24. Bd4 Ne6 25. Bc3 a5 26. Qf3 1-0

[Event "Challenge"]
[Site "http://www.queenalice.com/game.php?id=1251126"]
[Date "2014.1.25"]
[Round "-"]
[White "RuCam"]
[Black "Benesilva"]
[Result "1-0"]
[WhiteElo "1815"]
[BlackElo "2001"]

1. e4 e5 2. Bc4 d6 3. Nc3 Nf6 4. d3 Be7 5. h3 Be6 6. Nd5 Bxd5 7. exd5 a6 8. Nf3
Nbd7 9. Be3 b5 10. Bb3 Nb6 11. c4 bxc4 12. dxc4 O-O 13. O-O h6 14. Qd3 e4 15.
Qd1 exf3 16. Qxf3 Nh7 17. Qe4 Nd7 18. Bc2 Ndf6 19. Qh4 Kh8 20. g4 Ne4 21. Qh5
Nef6 22. Qf5 Qd7 23. Qd3 Rg8 24. f4 g6 25. f5 g5 26. Kf2 Kg7 27. Kg3 Rh8 28. Rh1
Rag8 29. h4 Kf8 30. h5 c6 31. Ba4 Qb7 32. Bxc6 Qc7 33. b4 Nd7 34. Bd4 Bf6 35.
Rae1 Be5+ 36. Kh3 Nhf6 37. c5 Bxd4 38. Qxd4 dxc5 39. bxc5 Qf4 40. Qxf4 gxf4 41.
Bxd7 Rxg4 42. c6 Rg3+ 43. Kh4 Rhg8 44. Re8+ Nxe8 45. f6 R8g4+ 46. Bxg4 Nxf6 47.
Be2 Nxd5 48. Rf1 Rc3 49. Bf3 Nb4 50. Kg4 Nxc6 51. Kxf4 Nd4 52. Bd5 Ne6+ 53. Ke5
Ng5 54. Rf6 Kg7 55. Rxa6 Rh3 56. a4 Rxh5 57. Ra7 Ne6+ 58. Kd6 Kf6 59. a5 Rh3 60.
a6 Ra3 61. Ra8 Nf4 62. Bh1 Nd3 63. a7 Ra6+ 64. Kc7 Nb4 65. Kb7 Kf5 66. Rd8 Kf4
67. Rd4+ 1-0

[Event "Mais uma vez"]
[Site "http://www.queenalice.com/game.php?id=1252002"]
[Date "2014.1.28"]
[Round "-"]
[White "Benesilva"]
[Black "RuCam"]
[Result "1-0"]
[WhiteElo "1993"]
[BlackElo "1796"]

1. e4 e5 2. Nf3 d6 3. Nc3 Nc6 4. d4 exd4 5. Nxd4 Nxd4 6. Qxd4 Nf6 7. Bg5 Be7 8.
Nd5 Nxd5 9. Qxg7 Bf6 10. Bxf6 Qxf6 11. Qxf6 Nxf6 12. O-O-O Nxe4 13. Re1 f5 14.
f3 Be6 15. fxe4 f4 16. c4 Kd7 17. Bd3 Rhg8 18. Re2 Rg4 19. Rf2 Rf8 20. b3 Kc6
21. g3 f3 22. Rhf1 Rg6 23. Rxf3 Rxf3 24. Rxf3 Rh6 25. h4 Kc5 26. Kc2 Kd4 27. Kd2
c6 28. Bc2 a6 29. a4 Rg6 30. e5 dxe5 31. Bxg6 hxg6 32. Rf6 Bf5 33. h5 e4 34. h6
Ke5 35. Rxf5+ Kxf5 36. h7 Kg4 37. Ke3 Kxg3 38. h8=Q g5 39. Kxe4 g4 40. Qh5 b6
41. Kf5 Kf3 42. Qxg4+ Ke3 43. Qe4+ Kd2 44. Qxc6 b5 45. cxb5 axb5 46. axb5 Kd3
47. Qc4+ Ke3 48. Ke5 Kd2 49. Ke4 Kd1 50. Ke3 Ke1 51. Qc1# 1-0

[Event "OS INCLIVEIS"]
[Site "http://www.queenalice.com/game.php?id=1277894"]
[Date "2014.5.1"]
[Round "-"]
[White "adelio"]
[Black "Benesilva"]
[Result "0-1"]
[WhiteElo "1809"]
[BlackElo "1984"]

1. b4 e5 2. b5 c6 3. c4 Nf6 4. a3 d5 5. Bb2 e4 6. Bxf6 Qxf6 7. Nc3 Bc5 8. e3 Be6
9. Be2 Qe7 10. h4 Bxa3 11. h5 Bb2 12. cxd5 Bxa1 13. dxe6 Bxc3 14. dxc3 Qxe6 15.
g4 Nd7 16. Nh3 h6 17. c4 O-O-O 18. g5 Nc5 19. Qxd8+ Kxd8 20. Nf4 Qe5 21. g6 f6
22. Bd1 Qc3+ 23. Kf1 Qxc4+ 24. Be2 Qc2 25. Kg2 Kc7 26. Kg3 Re8 27. Bg4 Qc3 28.
Rd1 Qe5 29. Kg2 f5 30. Be2 Ne6 31. Nxe6+ Rxe6 32. Bc4 Rd6 33. Rb1 f4 34. bxc6
f3+ 35. Kf1 Qxh5 36. Ke1 Rxc6 37. Bf1 Rc2 38. Rd1 Qa5+ 39. Rd2 Qxd2# 0-1